000 00451ntaaa2200181 4500
003 01
005 20251027203015.0
008 0714s1973 ag 01
040 _aAR-BaBN
_bspa
_cAR-BaBN
_eaacr
_dRIC
082 _a423.0000 Og2
245 _aThe general basic English dictionary
250 _a1 ed.
260 _aLondon :
_bEvans Brothers Ltd,
_cs.f.
300 _a438 p
650 _adiccionario-inglés
700 _aOgden, C.K.
_97527
942 _cBK
999 _c25508
_d25508